Ahorro y producción de las microempresas y pequeñas empresas en la República Dominicana : (Registro nro. 8011)

Detalles MARC
000 -LEADER
fixed length control field 01615nam a2200397 a 4500
001 - CONTROL NUMBER
control field 000016756
003 - CONTROL NUMBER IDENTIFIER
control field DO-SdBNP
005 - DATE AND TIME OF LATEST TRANSACTION
control field 20170922094240.0
007 - PHYSICAL DESCRIPTION FIXED FIELD--GENERAL INFORMATION
fixed length control field 000016756
008 - FIXED-LENGTH DATA ELEMENTS--GENERAL INFORMATION
fixed length control field 100310s1995 dr 000 0 spa d
040 ## - CATALOGING SOURCE
Original cataloging agency BPMSU
Language of cataloging spa
Transcribing agency BPMSU
082 #4 - DEWEY DECIMAL CLASSIFICATION NUMBER
Classification number 338.642
Item number A717a
092 ## - LOCALLY ASSIGNED DEWEY CALL NUMBER (OCLC)
Classification number
100 1# - MAIN ENTRY--PERSONAL NAME
Personal name Aristy Escuder, Jaime
245 10 - TITLE STATEMENT
Title Ahorro y producción de las microempresas y pequeñas empresas en la República Dominicana :
Remainder of title un análisis econométrico /
Statement of responsibility, etc. Jaime Aristy Escuder ; presentación Andrés Dauhajre.
260 ## - PUBLICATION, DISTRIBUTION, ETC. (IMPRINT)
Place of publication, distribution, etc. Santo Domingo :
Name of publisher, distributor, etc. FONDOMICRO,
Date of publication, distribution, etc. 1995.
300 ## - PHYSICAL DESCRIPTION
Extent 108 P. ;
Dimensions 28 cm.
504 ## - BIBLIOGRAPHY, ETC. NOTE
Bibliography, etc Incluye bibliografía y notas al pie de páginas.
504 ## - BIBLIOGRAPHY, ETC. NOTE
Bibliography, etc Bibliografía: p. 93-98
505 0# - FORMATTED CONTENTS NOTE
Miscellaneous information Presentación /
Statement of responsibility Andrés Dauhajre --
Title Informe ejecutivo:
-- Elementos introductorios --
-- Fundamentos teóricos --
-- Descripción del caso: análisis de las variables --
-- Modelización econométrica --
Miscellaneous information Conclusiones --
-- Bibliografía --
-- Anexos.
650 #4 - SUBJECT ADDED ENTRY--TOPICAL TERM
Topical term or geographic name as entry element PEQUEÑA Y MEDIANA EMPRESA
650 #4 - SUBJECT ADDED ENTRY--TOPICAL TERM
Topical term or geographic name as entry element MICROEMPRESAS
General subdivision ADMINISTRACIÓN
650 #4 - SUBJECT ADDED ENTRY--TOPICAL TERM
Topical term or geographic name as entry element AHORRO E INVERSIÓN
650 #4 - SUBJECT ADDED ENTRY--TOPICAL TERM
Topical term or geographic name as entry element ANÁLISIS ECONOMÉTRICO
651 #4 - SUBJECT ADDED ENTRY--GEOGRAPHIC NAME
Geographic name REPÚBLICA DOMINICANA
General subdivision CONDICIONES ECONÓMICAS
700 1# - ADDED ENTRY--PERSONAL NAME
Personal name Dauhajre, Andrés,
Relator term present.
710 2# - ADDED ENTRY--CORPORATE NAME
Corporate name or jurisdiction name as entry element Fondo para el Financiamiento de la Microempresa (República Dominicana)
910 ## - USER-OPTION DATA (OCLC)
User-option data Validado. Control de calidad EMS
930 #1 - EQUIVALENCE OR CROSS-REFERENCE-UNIFORM TITLE HEADING [LOCAL, CANADA]
Language of a work
Medium of performance for music
Medium
Field link and sequence number
Date of a work
Name of part/section of a work
Miscellaneous information
942 ## - ADDED ENTRY ELEMENTS (KOHA)
Source of classification or shelving scheme Dewey Decimal Classification
Koha item type Libros
945 ## - LOCAL PROCESSING INFORMATION (OCLC)
a Inventariado /2017 VM
956 ## - LOCAL ELECTRONIC LOCATION AND ACCESS (OCLC)
Host name
Access number
Compression information
Logon
Processor of request
956 ## - LOCAL ELECTRONIC LOCATION AND ACCESS (OCLC)
Host name
Access number
Compression information
Logon
Processor of request
956 ## - LOCAL ELECTRONIC LOCATION AND ACCESS (OCLC)
Host name
Access number
Compression information
Logon
Processor of request
956 ## - LOCAL ELECTRONIC LOCATION AND ACCESS (OCLC)
Host name VMATEO
Access number 10
Compression information 20150724
Logon BPMSU
Processor of request 00151
Existencias
Withdrawn status Lost status Source of classification or shelving scheme Damaged status Not for loan Collection code Home library Current library Date acquired Total Checkouts Full call number Barcode Date last seen Price effective from Koha item type
    Dewey Decimal Classification     Colección Dominicana Biblioteca Pública Metropolitana Salomé Ureña Biblioteca Pública Metropolitana Salomé Ureña 07/24/2015   338.642 A717a BPMSU15070372 07/24/2015 07/24/2015 Libros